00278nam a2200097 a 4500008004100000050001700041100001900058245005200077246004200129350000900171120416s9999 xx |||||||||||||| || u aPAPERS/STAFF aMalama, Albert10aCapacity building in Local Government in Zambia akey lessons from SINPA Zambia Project a0.00